| 000 | 00326nam a22001337a 4500 | ||
|---|---|---|---|
| 003 | SGT | ||
| 082 |
_a611.018931 _bO90B |
||
| 100 | _aBhaskar, S. N. | ||
| 245 | _aOrban's Oral Histology & Embryology | ||
| 250 | _a10th Ed. | ||
| 260 |
_bC.B.S. Publishers & Distributers Pvt. Ltd. _c1990 |
||
| 300 | _a477 | ||
| 942 |
_2ddc _cRARE |
||
| 999 |
_c33149 _d33149 |
||